Countries That Produce the Most Jute - Statistics

General Stats
  • This quiz has been taken 39 times
  • The average score is 5 of 10
Answer Stats
Metric Tons Country % Correct
1,966,339 India
100%
30,000 China
97%
1,496,216 Bangladesh
83%
781 Vietnam
83%
343 Bhutan
61%
11,624 Nepal
61%
2,129 Egypt
28%
16,091 Uzbekistan
22%
2,605 Zimbabwe
6%
3,500 South Sudan
3%
No matching quizzes found
Score Distribution
Percent of People with Each Score
Percentile by Number Answered
Your Score History
You have not taken this quiz